Biblioteca y Centro de Documentación

Vista normal Vista MARC

Entrada Término de materia

Número de registros utilizados en: 10

001 - NÚMERO DE CONTROL

  • Campo de control: 30277

003 - IDENTIFICADOR DE NÚMERO DE CONTROL

  • Campo de control: ES-MaCES

005 - FECHA Y HORA DE LA ULTIMA MODIFICACION

  • Campo de control: 19981120142400.0

008 - ELEMENTOS DE DATOS DE LONGITUD FIJA

  • Campo de longitud fija: 981120 | azznnbabn || ana d

035 ## - NÚMERO DE CONTROL DEL SISTEMA

  • Número de control del sistema: (ILOT)1580

035 ## - NÚMERO DE CONTROL DEL SISTEMA

  • Número de control del sistema: CES19980041263s

040 ## - FUENTE DE LA CATALOGACIÓN

  • Agencia original de catalogación: ES-MaCES
  • Idioma de catalogación: spa
  • Agencia de transcripción: ES-MaCES

072 #7 - CÓDIGO DE CATEGORIA DE MATERIA

  • Código de categoría temática: 06.08.2
  • Fuente del código: ilot

150 ## - ENCABEZAMIENTO--MATERIA

  • Término de materia o geográfico como elemento de entrada: formación a través de medios audiovisuales

450 ## - TRAZADO VEÁSE--MATERIA

  • Término de materia o nombre geográfico como elemento de entrada: instrucción audiovisual

550 ## - TRAZADO VEÁSE ADEMÁS--MATERIA

  • Término de materia o nombre geográfica como elemento de entrada: centro de material didáctico

550 ## - TRAZADO VEÁSE ADEMÁS--MATERIA

  • Término de materia o nombre geográfica como elemento de entrada: enseñanza mediante computadora

550 ## - TRAZADO VEÁSE ADEMÁS--MATERIA

  • Término de materia o nombre geográfica como elemento de entrada: medio audiovisual

550 ## - TRAZADO VEÁSE ADEMÁS--MATERIA

  • Subcampo de control: g
  • Término de materia o nombre geográfica como elemento de entrada: método pedagógico

750 #7 - ENTRADA DE ENLACE DE ENCABEZAMIENTO ESTABLECIDO--MATERIA

  • Término de materia o nombre geográfico como elemento de entrada: audiovisual instruction
  • Fuente del encabezamiento o término: ilot

750 #7 - ENTRADA DE ENLACE DE ENCABEZAMIENTO ESTABLECIDO--MATERIA

  • Término de materia o nombre geográfico como elemento de entrada: instruction audiovisuelle
  • Fuente del encabezamiento o término: tbit

901 ## - CES. DATOS SIRTEX

  • ID Sirtex (N5N8): 0007700004126
  • 005BIS Sirtex: 199811201424BATCH

903 ## - CES. DATOS ATES

  • Fecha de incorporación 1978: 25/09/89
© CES, Consejo Económico y Social de España 2021